Prestwick airport destinations - Statistics

General Stats
  • This quiz has been taken 12 times
  • The average score is 6 of 9
Answer Stats
Hint Answer % Correct
Spain Barcelona
91%
Spain Alicante
82%
Spain Malaga
82%
Spain Palma
82%
Portugal Faro
73%
Spain Lanzarote
73%
Spain Tenerife
73%
Spain Gran Canaria
64%
Spain Murcia
27%
No matching quizzes found
Score Distribution
Percent of People with Each Score
Percentile by Number Answered
Your Score History
You have not taken this quiz